00872 2200301 4500001002100000005001500021035002500036020002200061040001700083082001500100084001700115090002100132090002200153100002100175245008500196250003600281260003800317300003000355500001100385504003300396650002100429850001200450999002200462007000300484008004100487990002200528990002000550INLIS00000000003401020200623105505 a0010-021800000000736 a978-602-1123-23-2 aYOPDYOGbind04223a346.02 a346.02 RID i aDEP 346.02 RID i aCB-D.11 2017-15230 aRidwan Khairandy00aIktikad baik dalam kontrak di berbagai sistem hukum /cpenulis, Ridwan Khairandy aCetakan pertama, September 20173 aYogyakarta :bFH UII Press,c2017 avii, 372 halaman ;c23 cm aIndeks aBibliografi: halaman 347-365 4aHukum Perjanjian aYOPDYOG aCB-D.11/2017-1523ta160523s2017 yoi g 1 ind d aCB-D.11/2017-1523 a66499-PD/A.2020